Diseño de un sistema de servicio al cliente en BN Vital, Banco Nacional de Costa Rica
Đã lưu trong:
| Tác giả chính: | |
|---|---|
| Định dạng: | Sách |
| Được phát hành: |
San José, C.R.
2000
|
| Những chủ đề: | |
| Các nhãn: |
Thêm thẻ
Không có thẻ, Là người đầu tiên thẻ bản ghi này!
|
MARC
| LEADER | 00000nam a2200000Ia 4500 | ||
|---|---|---|---|
| 003 | 010157 | ||
| 005 | 20221231144211.0 | ||
| 008 | 140114s2000 cr a m 000 ||s d | ||
| 040 | |c cru CEDI | ||
| 090 | |a TFG 4137 | ||
| 100 | |a Santiago Rojas, Karla |9 8320 | ||
| 245 | |a Diseño de un sistema de servicio al cliente en BN Vital, Banco Nacional de Costa Rica | ||
| 260 | |c 2000 |a San José, C.R. | ||
| 300 | |a xx, 195, [195] hojas : ilustraciones | ||
| 500 | |a Proyecto de graduación (licenciatura en ingeniería industrial)--Universidad de Costa Rica. Facultad de Ingeniería. Escuela de Ingeniería Industrial | ||
| 650 | |x SERVICIO AL CLIENTE |x CULTURA CORPORATIVA |x SATISFACCION DEL CLIENTE |x PLANES DE PENSIONES |9 8321 | ||
| 942 | |c TFG | ||
| 999 | |c 18339 |d 18339 | ||
